000 00601nam a2200241 a 4500
001 nice12345678
003 IN_TiNIC
005 20260116014020.0
008 050524s2003 jeda grp 000 0 eng
020 _a0340444
_c121
082 0 0 _a158.1
_bLUN
100 _aLunden, Stephen C
245 _aFish Sticks
260 _aJeddah
_bHodder and Stoughton
_c2003
300 _a122p
500 _aincludes index and biblioraphy
505 2 _aBibliography, Index
650 _aPersonality Development
700 1 _aLunden, Stephen C
902 _bSRS
942 _cBK
999 _c13509
_d13509